008650000a220013300045001000020000002450031000203000049000515000083001005200417001837730016006009420008006169520090006249990017007141 aMaundu, Patrick10aLas verduras tradicionales aVol.0, núm.65 (Febrero, 2006), Página 11 aJefe del Centro de Recursos para el Conocimiento Indígena de Kenya (KENRIK). aEl Centro de Recursos para el Conocimiento Indígena de Kenya (KENRIK en Inglés) ha documentado todas las plantas alimenticias en Kenya. Su trabajo muestra el potencial de las plantas alimenticias autóctonas en el mejoramiento de la seguridad alimentaria. En África alrededor de 4.000 especies de plantas tienen potencial para producir alimentos, con aproximadamente 1.000 especies usadas como verduras.0 tPaso a Paso cANA 001040708HEMaFUSBCbFUSBCd2016-01-26l0o r2016-01-26 00:00:00w2016-01-26yANA c61250d61250